Mahādīkshā. (Record no. 76620)

MARC details
000 -LEADER
fixed length control field 00497cam a22002171 4500
001 - CONTROL NUMBER
control field sa 67007473
003 - CONTROL NUMBER IDENTIFIER
control field DLC
005 - DATE AND TIME OF LATEST TRANSACTION
control field 20260227112416.0
008 - FIXED-LENGTH DATA ELEMENTS--GENERAL INFORMATION
fixed length control field 940907s1965 ii 000 0 orio
010 ## - LIBRARY OF CONGRESS CONTROL NUMBER
LC control number sa 67007473
025 ## - OVERSEAS ACQUISITION NUMBER
Overseas acquisition number PL480:I-O-741
035 ## - SYSTEM CONTROL NUMBER
System control number (OCoLC)31063574
040 ## - CATALOGING SOURCE
Original cataloging agency DLC
Transcribing agency CU
Modifying agency CU
-- DLC
042 ## - AUTHENTICATION CODE
Authentication code premarc
050 00 - LIBRARY OF CONGRESS CALL NUMBER
Classification number PK2576
Item number .M26
245 00 - TITLE STATEMENT
Title Mahādīkshā.
260 ## - PUBLICATION, DISTRIBUTION, ETC.
Date of publication, distribution, etc. 1965.
300 ## - PHYSICAL DESCRIPTION
Extent 2, 48 p.
Dimensions 20 cm.
500 ## - GENERAL NOTE
General note In Oriya.
650 #0 - SUBJECT ADDED ENTRY--TOPICAL TERM
Topical term or geographic name entry element Oriya poetry.

No items available.

Powered by Koha